Spišské klapancie

Bibliographic Details
Other Authors: Barbuš, Milan, 1932- (Compiler)
Format: Book
Language:Slovak
PhysicalDescription:212 s., [3] s. 17 x 25 cm
Published: Košice Východoslovenské vydavateľstvo 1969
Edition:1. vyd.
Series:Vlastivedný zborník SPIŠ
Subjects:

MARC

LEADER 00000cam a2200000 a 4500
001 vtls001168500
003 SK-MaSNL
005 20260425234442.0
008 250312s1969 xo o g 000 1 slo
035 |a SNK000111480 
035 |a urn:nbn:sk:snk-amlr16 
035 |a urn:nbn:sk:snk-am00c2vz 
035 |a 49A80BFB-E328-4FBE-A1F2-A6D278C814C7 
040 |a SNK  |b slo  |c SNK  |e AACR2 
041 0 |a slo 
043 |a e-xo--- 
044 |a xo  |c SK 
072 7 |a 821.162.4.09  |x Slovenská literatúra (o nej)  |2 konspekt 
080 |a 398.2+398.8(437.6-3)Spiš(08)  |2 1981 
080 |a 821.162.4.09  |2 2001 
080 |a (437.6)  |2 2001 
100 1 |a Barbuš, Milan,  |d 1932-  |4 com  |9 108423 
245 1 0 |a Spišské klapancie  |c [zostavil a štúdiu napísal] Milan Barbuš 
250 |a 1. vyd. 
260 |a Košice  |b Východoslovenské vydavateľstvo  |c 1969 
300 |a 212 s., [3] s.  |c 17 x 25 cm 
366 |e 10000 výtl. 
490 1 |a Vlastivedný zborník SPIŠ  |v 1. monografická príloha 
500 |a Fotografie použité zo súkromného archívu R. Bunčáka ; drevoryty uložené v SNG zo zbierky M. Čechovej 
650 0 7 |a slovesná tvorba  |2 SNKPH  |9 516613 
650 0 7 |a veršovaná ľudová tvorba  |2 SNKPH  |9 516614 
651 7 |a Slovensko východné  |2 SNKPH  |9 161134 
651 7 |a Spiš (Slovensko : región)  |2 SNKPH  |9 17692 
655 7 |a klapancie  |2 SNKPH  |9 277628 
830 0 |a Vlastivedný zborník SPIŠ  |9 516615 
852 |a Slovenská národná knižnica 
958 |a RK 
958 |a OND 
999 |c 795739  |d 797669 
952 |t P60, <04>, [BOOK], {604}  |a SNK  |b SNK  |y VYP  |7 0  |p 17A0033609  |o snkSD 36497 D1  |0 0  |1 0  |4 0  |d 1997-01-29  |l 0  |r 2005-01-01 00:00:00  |w 2026-02-24 
952 |a SNK  |b SNK  |y PREZ  |7 0  |p 17A0884107  |o snkSD 36497  |0 0  |1 0  |4 0  |d 2013-08-12  |f 1  |l 0  |r 2026-02-24 01:51:29  |w 2026-02-24 
952 |a SNKLM  |b SNKLM  |y NEVYP  |7 0  |o snklmMK 5378  |8 3  |0 0  |1 0  |4 0  |d 2006-10-12  |l 0  |r 2026-02-24 01:51:29  |w 2026-02-24